[Event "Titled Tuesday intern op 31st Jan Early"]
[Site "Chess.com INT"]
[Date "2023.01.31"]
[Round "1"]
[White "Kopylov, Alexander A"]
[Black "Belov, Alexei"]
[Result "1-0"]
[WhiteElo "2397"]
[BlackElo "2421"]
[PlyCount "61"]
[EventDate "2023.01.31"]
[EventType "swiss (blitz)"]
[EventRounds "11"]
[EventCountry "USA"]
[SourceTitle "CBM 212 Extra"]
[Source "ChessBase"]
[SourceDate "2023.03.31"]
[SourceVersion "1"]
[SourceVersionDate "2023.03.31"]
[SourceQuality "1"]

1. d4 e6 2. c4 d5 3. Nc3 Be7 4. Bf4 Nf6 5. e3 0-0 6. Nf3 Nbd7 7. a3 a6 8. cxd5 exd5 9. Be2 c6 10. 0-0 Re8 11. h3 Nf8 12. b4 Ng6 13. Bh2 Bd6 14. Bxd6 Qxd6 15. Qb3 Bf5 16. a4 Ne4 17. b5 axb5 18. axb5 h6 19. Rfc1 Qf6 20. Rxa8 Rxa8 21. bxc6 bxc6 22. Na4 Nh4 23. Nc5 Nxf3+ 24. Bxf3 Nxc5 25. dxc5 Ra1 26. Qb8+ Kh7 27. Rxa1 Qxa1+ 28. Kh2 f6 29. Bh5 Bd7 30. f4 Qc3 31. Bf7 1-0

[Event "Titled Tuesday intern op 03rd Jan Early"]
[Site "Chess.com INT"]
[Date "2023.01.03"]
[Round "7"]
[White "Kopylov, Alexander A"]
[Black "Goroshkov, Maksym"]
[Result "1-0"]
[WhiteElo "2397"]
[BlackElo "2261"]
[PlyCount "89"]
[EventDate "2023.01.03"]
[EventType "swiss (blitz)"]
[EventRounds "11"]
[EventCountry "USA"]
[SourceTitle "EXT 2024"]
[Source "ChessBase"]
[SourceDate "2023.10.10"]
[SourceVersion "1"]
[SourceVersionDate "2023.10.10"]
[SourceQuality "1"]

1. e4 e5 2. Nf3 d6 3. Nc3 Nf6 4. g3 Be7 5. Bg2 0-0 6. 0-0 c5 7. d3 Nc6 8. Bg5 Bg4 9. h3 Bh5 10. Qd2 Bxf3 11. Bxf3 h6 12. Bxf6 Bxf6 13. Bg2 g5 14. Nd5 Bg7 15. Ne3 Ne7 16. Qe2 Qd7 17. Qh5 Qe6 18. h4 Qg6 19. Qxg6 fxg6 20. hxg5 hxg5 21. Bh3 Nc6 22. Be6+ Kh7 23. c3 Rae8 24. Bd5 Ne7 25. Bc4 Ng8 26. Kg2 Bf6 27. Rh1+ Kg7 28. Bxg8 Rxg8 29. Ng4 Rh8 30. Rhb1 b6 31. a4 Rb8 32. Ne3 Rh5 33. b4 Rbh8 34. Ng4 Rb8 35. bxc5 dxc5 36. a5 b5 37. a6 Bd8 38. Nxe5 Bf6 39. Nc6 Rc8 40. Nxa7 Ra8 41. Nxb5 Rhh8 42. a7 Rhd8 43. Nc7 Bxc3 44. Nxa8 Rxa8 45. Rb8 1-0

[Event "Titled Tuesday intern op 03rd Jan Early"]
[Site "Chess.com INT"]
[Date "2023.01.03"]
[Round "5"]
[White "Kopylov, Alexander A"]
[Black "Hnydiuk, Aleksander"]
[Result "0-1"]
[WhiteElo "2397"]
[BlackElo "2364"]
[PlyCount "52"]
[EventDate "2023.01.03"]
[EventType "swiss (blitz)"]
[EventRounds "11"]
[EventCountry "USA"]
[SourceTitle "EXT 2024"]
[Source "ChessBase"]
[SourceDate "2023.10.10"]
[SourceVersion "1"]
[SourceVersionDate "2023.10.10"]
[SourceQuality "1"]

1. e4 e5 2. Nf3 Nc6 3. Nc3 Nf6 4. h3 Be7 5. d4 exd4 6. Nxd4 0-0 7. Nxc6 bxc6 8. Bc4 Bb4 9. 0-0 Bxc3 10. bxc3 Nxe4 11. Bd3 Re8 12. Re1 Nc5 13. Bxh7+ Kxh7 14. Qh5+ Kg8 15. Rxe8+ Qxe8 16. Qxc5 d6 17. Qa5 Qe1+ 18. Kh2 Qxf2 19. Qxc7 Be6 20. Qxd6 Bd5 21. Qg3 Qxc2 22. Bf4 Re8 23. Rg1 Re2 24. Be5 Qg6 25. Qxg6 fxg6 26. a3 Rxe5 0-1

[Event "Titled Tuesday intern op 03rd Jan Early"]
[Site "Chess.com INT"]
[Date "2023.01.03"]
[Round "4"]
[White "Mostbauer, Maximilian"]
[Black "Kopylov, Alexander A"]
[Result "0-1"]
[WhiteElo "2192"]
[BlackElo "2397"]
[PlyCount "74"]
[EventDate "2023.01.03"]
[EventType "swiss (blitz)"]
[EventRounds "11"]
[EventCountry "USA"]
[SourceTitle "EXT 2024"]
[Source "ChessBase"]
[SourceDate "2023.10.10"]
[SourceVersion "1"]
[SourceVersionDate "2023.10.10"]
[SourceQuality "1"]

1. d4 Nf6 2. Nf3 e6 3. g3 Be7 4. Bg2 0-0 5. 0-0 d5 6. b3 a5 7. Bb2 a4 8. c4 a3 9. Bc3 Ne4 10. Be1 c5 11. Nc3 Nc6 12. dxc5 Nxc3 13. Bxc3 dxc4 14. b4 Bf6 15. Qc2 e5 16. Rad1 Qe7 17. b5 Na7 18. Bb4 Be6 19. Rb1 Nxb5 20. c6 Nd6 21. cxb7 Rab8 22. Rfd1 Rfd8 23. Bxa3 e4 24. Nd2 Rxb7 25. Nxe4 Rxb1 26. Qxb1 Be5 27. Qb6 Nb7 28. Rxd8+ Qxd8 29. Qxb7 h6 30. Qb1 Qa5 31. Bc5 c3 32. Be3 c2 33. Qc1 Qxa2 34. h4 Qb1 35. Kh2 Bb2 36. Nc3 Bxc3 37. Qxb1 cxb1Q 0-1

[Event "Titled Tuesday intern op 20th Dec Early"]
[Site "Chess.com INT"]
[Date "2022.12.20"]
[Round "5"]
[White "Kopylov, Alexander A"]
[Black "Sharifov, Mekhriddin"]
[Result "0-1"]
[WhiteElo "2397"]
[BlackElo "2209"]
[PlyCount "58"]
[EventDate "2022.12.20"]
[EventType "swiss (blitz)"]
[EventRounds "11"]
[EventCountry "USA"]
[SourceTitle "EXT 2024"]
[Source "ChessBase"]
[SourceDate "2023.10.10"]
[SourceVersion "1"]
[SourceVersionDate "2023.10.10"]
[SourceQuality "1"]

1. e4 c5 2. Nf3 d6 3. Bb5+ Nd7 4. 0-0 Ngf6 5. e5 dxe5 6. Nxe5 a6 7. Bxd7+ Nxd7 8. Nf3 Nf6 9. b3 Bg4 10. Bb2 e6 11. d3 Bd6 12. Nbd2 0-0 13. Qe1 Nd5 14. Ne5 Bf5 15. f4 Nb4 16. Qd1 b5 17. a3 Nd5 18. Ne4 Ne3 19. Qh5 Nxf1 20. Nxd6 Qxd6 21. Rxf1 c4 22. Rf3 cxd3 23. Nxd3 Rac8 24. Bxg7 Kxg7 25. Rh3 Qd4+ 26. Nf2 Rxc2 27. Qh6+ Kg8 28. Rg3+ Bg6 29. Rf3 Rc1# 0-1

[Event "Titled Tuesday intern op 20th Dec Early"]
[Site "Chess.com INT"]
[Date "2022.12.20"]
[Round "4"]
[White "Kozlov, Gennady"]
[Black "Kopylov, Alexander A"]
[Result "0-1"]
[WhiteElo "2371"]
[BlackElo "2397"]
[PlyCount "70"]
[EventDate "2022.12.20"]
[EventType "swiss (blitz)"]
[EventRounds "11"]
[EventCountry "USA"]
[SourceTitle "EXT 2024"]
[Source "ChessBase"]
[SourceDate "2023.10.10"]
[SourceVersion "1"]
[SourceVersionDate "2023.10.10"]
[SourceQuality "1"]

1. b3 b6 2. Bb2 Bb7 3. e3 Nf6 4. f4 g6 5. Nf3 Bg7 6. Be2 d6 7. 0-0 Nbd7 8. a4 a6 9. Na3 e6 10. Rb1 Qe7 11. d3 e5 12. fxe5 Nxe5 13. Nxe5 dxe5 14. Nc4 Nd5 15. Bf3 0-0-0 16. Bxd5 Bxd5 17. Qe2 f5 18. e4 fxe4 19. dxe4 Qc5+ 20. Kh1 Bxc4 21. bxc4 Bh6 22. Bc3 Rhf8 23. a5 Rxf1+ 24. Rxf1 Be3 25. Qg4+ Kb8 26. Qe6 Bd4 27. Bd2 Kb7 28. axb6 Qxb6 29. Qf7 Qc6 30. Bg5 Rd7 31. Qe8 Rd6 32. Rb1+ Bb6 33. Qxe5 Re6 34. Qa5 Rxe4 35. c5 Re2 0-1

[Event "Titled Tuesday intern op 13th Dec Early"]
[Site "Chess.com INT"]
[Date "2022.12.13"]
[Round "6"]
[White "Kopylov, Alexander A"]
[Black "Pajeken, Jakob Leon"]
[Result "1-0"]
[WhiteElo "2397"]
[BlackElo "2445"]
[PlyCount "33"]
[EventDate "2022.12.13"]
[EventType "swiss (blitz)"]
[EventRounds "11"]
[EventCountry "USA"]
[SourceTitle "EXT 2024"]
[Source "ChessBase"]
[SourceDate "2023.10.10"]
[SourceVersion "1"]
[SourceVersionDate "2023.10.10"]
[SourceQuality "1"]

1. e4 e5 2. Nf3 Nc6 3. Nc3 Nf6 4. h3 a6 5. d4 exd4 6. Nxd4 Nxe4 7. Nxe4 Qe7 8. Bd3 Nxd4 9. 0-0 Ne6 10. Re1 d6 11. Bg5 f6 12. Bh4 Bd7 13. Qe2 d5 14. Qh5+ Qf7 15. Qxd5 0-0-0 16. Bc4 Bc6 17. Qxe6+ 1-0

[Event "Titled Tuesday intern op 22nd Nov Late"]
[Site "Chess.com INT"]
[Date "2022.11.22"]
[Round "6"]
[White "D'Arruda, Ricardo D"]
[Black "Kopylov, Alexander A"]
[Result "0-1"]
[WhiteElo "2271"]
[BlackElo "2397"]
[PlyCount "96"]
[EventDate "2022.11.22"]
[EventType "swiss (blitz)"]
[EventRounds "11"]
[EventCountry "USA"]
[SourceTitle "CBM 211 Extra"]
[Source "ChessBase"]
[SourceDate "2023.01.31"]
[SourceVersion "1"]
[SourceVersionDate "2023.01.31"]
[SourceQuality "1"]

1. d4 Nf6 2. Nf3 e6 3. g3 b5 4. Bg2 Bb7 5. 0-0 c5 6. a4 b4 7. e3 a5 8. c4 cxd4 9. exd4 d5 10. c5 Nc6 11. Re1 Be7 12. h3 0-0 13. g4 Ne4 14. Nbd2 Bf6 15. Nb3 g6 16. Be3 Re8 17. Nfd2 e5 18. Nxe4 dxe4 19. d5 Nd4 20. c6 Qxd5 21. Nxd4 exd4 22. cxb7 Qxb7 23. Bf4 Rad8 24. Rc1 d3 25. Rc7 Qd5 26. Qd2 g5 27. Be3 h6 28. Rec1 Qb3 29. R1c6 Qxb2 30. Rb6 Qa1+ 31. Bf1 Bc3 32. Qc1 Qxc1 33. Bxc1 d2 34. Bxd2 Rxd2 35. Bc4 Rf8 36. Rxh6 Bd4 37. Rg6+ Kh7 38. Rxg5 Rxf2 39. Kh1 e3 40. Rf5 e2 41. Re7 Rxf5 42. gxf5 Rc8 43. Bxe2 b3 44. Rb7 b2 45. Bd3 Rc3 46. Be4 Re3 47. Bc2 Re1+ 48. Kg2 Re2+ 0-1

[Event "Titled Tuesday intern op 22nd Nov Late"]
[Site "Chess.com INT"]
[Date "2022.11.22"]
[Round "8"]
[White "Garcia Ramos, Daniel"]
[Black "Kopylov, Alexander A"]
[Result "0-1"]
[WhiteElo "2439"]
[BlackElo "2397"]
[PlyCount "98"]
[EventDate "2022.11.22"]
[EventType "swiss (blitz)"]
[EventRounds "11"]
[EventCountry "USA"]
[SourceTitle "CBM 211 Extra"]
[Source "ChessBase"]
[SourceDate "2023.01.31"]
[SourceVersion "1"]
[SourceVersionDate "2023.01.31"]
[SourceQuality "1"]

1. e4 e5 2. Nf3 Nc6 3. Bc4 Nf6 4. d3 Be7 5. 0-0 0-0 6. h3 d6 7. Re1 h6 8. a4 Nh7 9. Nbd2 Ng5 10. Nf1 Bf6 11. c3 g6 12. Ne3 Bg7 13. Nxg5 hxg5 14. Qf3 Kh7 15. a5 a6 16. b4 f5 17. exf5 gxf5 18. Qh5+ Bh6 19. Nd5 f4 20. d4 Bf5 21. Ba2 Qd7 22. Bd2 Rae8 23. dxe5 Nxe5 24. c4 c6 25. Nb6 Qg7 26. Bc3 g4 27. hxg4 Bxg4 28. Bb1+ Kg8 29. Qh2 Rf6 30. Bxe5 dxe5 31. Be4 Bg5 32. c5 Rh6 33. Nc4 Rxh2 34. Kxh2 Re6 35. Nd6 Rh6+ 36. Kg1 Qh8 37. f3 Rh1+ 38. Kf2 Bh4+ 39. Ke2 Rxe1+ 40. Rxe1 Bxe1 41. fxg4 Qh4 42. Bf5 Qf2+ 43. Kd3 Qd4+ 44. Kc2 Qc3+ 45. Kb1 Bd2 46. Ne4 Qc1+ 47. Ka2 Qc2+ 48. Ka1 Bc3+ 49. Nxc3 Qxc3+ 0-1

[Event "Titled Tuesday intern op 22nd Nov Early"]
[Site "Chess.com INT"]
[Date "2022.11.22"]
[Round "11"]
[White "Kopylov, Alexander A"]
[Black "Barria Zuniga, Daniel"]
[Result "0-1"]
[WhiteElo "2397"]
[BlackElo "2341"]
[PlyCount "86"]
[EventDate "2022.11.22"]
[EventType "swiss (blitz)"]
[EventRounds "11"]
[EventCountry "USA"]
[SourceTitle "CBM 211 Extra"]
[Source "ChessBase"]
[SourceDate "2023.01.31"]
[SourceVersion "1"]
[SourceVersionDate "2023.01.31"]
[SourceQuality "1"]

1. e4 c5 2. Nf3 Nc6 3. Bb5 a6 4. Bxc6 bxc6 5. 0-0 e6 6. e5 Ne7 7. b3 Ng6 8. Bb2 Be7 9. Na3 0-0 10. Nc4 f6 11. d4 cxd4 12. Qxd4 c5 13. Qd1 Bb7 14. Nd6 Bxf3 15. Qxf3 fxe5 16. Qd1 Qc7 17. Ne4 d5 18. Ng3 e4 19. Qg4 Qc6 20. Nh5 Rf7 21. c4 Raf8 22. Rad1 d4 23. Rde1 Ne5 24. Qxe4 Qxe4 25. Rxe4 Nd3 26. Re2 a5 27. Ng3 a4 28. Ne4 axb3 29. axb3 Rb8 30. Bc1 Rxb3 31. Bg5 Bf8 32. Ra1 Rfb7 33. g3 Rb1+ 34. Rxb1 Rxb1+ 35. Kg2 Rb4 36. Ra2 h6 37. Bd2 Rxc4 38. Ra8 Rc2 39. Ba5 c4 40. Bb6 e5 41. Bc7 Kf7 42. Ra7 Ke6 43. Ra6+ Kd5 0-1

[Event "Titled Tuesday intern op 22nd Nov Late"]
[Site "Chess.com INT"]
[Date "2022.11.22"]
[Round "3"]
[White "Kopylov, Alexander A"]
[Black "Caruana, Fabiano"]
[Result "1/2-1/2"]
[WhiteElo "2397"]
[BlackElo "2766"]
[PlyCount "50"]
[EventDate "2022.11.22"]
[EventType "swiss (blitz)"]
[EventRounds "11"]
[EventCountry "USA"]
[SourceTitle "CBM 211 Extra"]
[Source "ChessBase"]
[SourceDate "2023.01.31"]
[SourceVersion "1"]
[SourceVersionDate "2023.01.31"]
[SourceQuality "1"]

1. e4 e5 2. Nf3 Nf6 3. Nc3 Nc6 4. h3 Bb4 5. Nd5 Bc5 6. c3 0-0 7. d4 exd4 8. cxd4 Nxd5 9. dxc5 Nf6 10. Bg5 h6 11. Bh4 Qe7 12. Bd3 g5 13. Nxg5 hxg5 14. Bxg5 Qe5 15. f4 Qxb2 16. 0-0 Nh7 17. Bh6 d6 18. e5 Bd7 19. Bxh7+ Kxh7 20. Qh5 Rh8 21. Qxf7+ Kxh6 22. Qf6+ Kh7 23. Qf7+ Kh6 24. Qf6+ Kh7 25. Qf7+ Kh6 1/2-1/2

[Event "Titled Tuesday intern op 22nd Nov Late"]
[Site "Chess.com INT"]
[Date "2022.11.22"]
[Round "11"]
[White "Kopylov, Alexander A"]
[Black "Gritsenko, Nikolai"]
[Result "0-1"]
[WhiteElo "2397"]
[BlackElo "2309"]
[PlyCount "128"]
[EventDate "2022.11.22"]
[EventType "swiss (blitz)"]
[EventRounds "11"]
[EventCountry "USA"]
[SourceTitle "CBM 211 Extra"]
[Source "ChessBase"]
[SourceDate "2023.01.31"]
[SourceVersion "1"]
[SourceVersionDate "2023.01.31"]
[SourceQuality "1"]

1. e4 d6 2. d4 Nf6 3. Nc3 g6 4. g3 Bg7 5. Bg2 0-0 6. Nge2 Nc6 7. d5 Ne5 8. f4 Ned7 9. 0-0 c6 10. h3 h5 11. dxc6 bxc6 12. Nd4 e5 13. Nf3 Qc7 14. f5 Nc5 15. Nh4 Kh7 16. g4 d5 17. g5 Nfxe4 18. Nxe4 Nxe4 19. f6 Bh8 20. Be3 Be6 21. c3 Rad8 22. Nf3 c5 23. Nd2 Nxd2 24. Qxd2 d4 25. cxd4 cxd4 26. Bf2 Bd5 27. Bg3 Bxg2 28. Qxg2 Rfe8 29. Rac1 Qd7 30. Rfe1 e4 31. Rxe4 Rxe4 32. Qxe4 Qxh3 33. Bf2 d3 34. Rc7 Rf8 35. Rc3 d2 36. Rxh3 d1Q+ 37. Kg2 Kg8 38. Rd3 Qb1 39. b3 Qxa2 40. Qd5 Qe2 41. Re3 Qg4+ 42. Bg3 h4 43. Rd3 hxg3 44. Rxg3 Qe2+ 45. Kh3 Rc8 46. Qd7 Qf1+ 47. Kh4 Qh1+ 48. Kg4 Qh5+ 49. Kf4 Rf8 50. Qe7 Qh4+ 51. Kf3 Qh1+ 52. Rg2 Rc8 53. Qe5 Rd8 54. Qe4 Rc8 55. Kg4 Qd1+ 56. Kf4 Rd8 57. Re2 Rd4 58. Kf3 Rxe4 59. Kxe4 Qxb3 60. Kd4 Qe6 61. Rxe6 fxe6 62. Ke5 Kf7 63. Kd6 Bxf6 64. Kc5 Bxg5 0-1

[Event "Titled Tuesday intern op 15th Nov Late"]
[Site "Chess.com INT"]
[Date "2022.11.15"]
[Round "9"]
[White "Forgacs, Attila Jr"]
[Black "Kopylov, Alexander A"]
[Result "0-1"]
[WhiteElo "2286"]
[BlackElo "2397"]
[PlyCount "86"]
[EventDate "2022.11.15"]
[EventType "swiss (blitz)"]
[EventRounds "11"]
[EventCountry "USA"]
[SourceTitle "CBM 211 Extra"]
[Source "ChessBase"]
[SourceDate "2023.01.31"]
[SourceVersion "1"]
[SourceVersionDate "2023.01.31"]
[SourceQuality "1"]

1. e4 c6 2. d4 d5 3. Nc3 dxe4 4. Nxe4 Nf6 5. Nxf6+ exf6 6. c3 Bd6 7. Bd3 0-0 8. Qc2 Re8+ 9. Ne2 h6 10. Be3 Nd7 11. 0-0-0 b5 12. h4 Nb6 13. Rhg1 Be6 14. Kb1 a5 15. g4 Bh2 16. Rg2 Bxa2+ 17. Kc1 Bc7 18. g5 fxg5 19. hxg5 h5 20. g6 f6 21. Nf4 Bxf4 22. Bxf4 Qd5 23. Rh2 Bb3 24. Qd2 Bxd1 25. Qxd1 Nc4 26. Rxh5 Re1 27. Qxe1 Qxh5 28. Bxc4+ bxc4 29. Qe6+ Kh8 30. Qxc6 Rg8 31. Qe4 Rd8 32. Kc2 Qd5 33. Qe7 Qf5+ 34. Kd1 Rg8 35. Qe3 Qxg6 36. d5 Qb1+ 37. Ke2 Qxb2+ 38. Kf3 Qb1 39. d6 a4 40. d7 a3 41. Kg2 Qg6+ 42. Bg3 a2 43. Qe8 Rxe8 0-1

[Event "Titled Tuesday intern op 15th Nov Early"]
[Site "Chess.com INT"]
[Date "2022.11.15"]
[Round "8"]
[White "Jobava, Baadur"]
[Black "Kopylov, Alexander A"]
[Result "1-0"]
[WhiteElo "2578"]
[BlackElo "2397"]
[PlyCount "87"]
[EventDate "2022.11.15"]
[EventType "swiss (blitz)"]
[EventRounds "11"]
[EventCountry "USA"]
[SourceTitle "CBM 211 Extra"]
[Source "ChessBase"]
[SourceDate "2023.01.31"]
[SourceVersion "1"]
[SourceVersionDate "2023.01.31"]
[SourceQuality "1"]

1. b3 b6 2. e4 Bb7 3. Nc3 e5 4. Bb2 Nf6 5. Nf3 d6 6. d4 Nbd7 7. Bd3 Be7 8. 0-0 0-0 9. Re1 Re8 10. a4 a6 11. d5 c5 12. Nd2 Bf8 13. Nc4 g6 14. Bc1 Nh5 15. g3 Ng7 16. h4 Bc8 17. Bg5 f6 18. Bh6 Ra7 19. Qd2 Nb8 20. Rf1 Rf7 21. Rae1 Nh5 22. Bxf8 Rfxf8 23. Kh2 Kg7 24. Be2 h6 25. Bxh5 gxh5 26. f4 Kh7 27. f5 Qc7 28. Qe2 Bd7 29. Qxh5 b5 30. Qg6+ Kh8 31. Qxh6+ Kg8 32. Qg6+ Kh8 33. axb5 axb5 34. Ne3 Re7 35. Qh6+ Kg8 36. Ng4 Ref7 37. Rf4 exf4 38. gxf4 Qd8 39. Rg1 Rg7 40. Qh5 Be8 41. Nh6+ Kh8 42. Nf7+ Kg8 43. Qh8+ Kxf7 44. Rxg7# 1-0

[Event "Titled Tuesday intern op 15th Nov Late"]
[Site "Chess.com INT"]
[Date "2022.11.15"]
[Round "11"]
[White "Kirillov, Dmitry1111"]
[Black "Kopylov, Alexander A"]
[Result "0-1"]
[WhiteElo "2195"]
[BlackElo "2397"]
[PlyCount "98"]
[EventDate "2022.11.15"]
[EventType "swiss (blitz)"]
[EventRounds "11"]
[EventCountry "USA"]
[SourceTitle "CBM 211 Extra"]
[Source "ChessBase"]
[SourceDate "2023.01.31"]
[SourceVersion "1"]
[SourceVersionDate "2023.01.31"]
[SourceQuality "1"]

1. e4 e5 2. Nf3 Nc6 3. d4 exd4 4. c3 d5 5. exd5 Qxd5 6. cxd4 Bb4+ 7. Nc3 Bg4 8. Be2 Bxf3 9. Bxf3 Qc4 10. Bxc6+ Qxc6 11. 0-0 0-0-0 12. d5 Qg6 13. Be3 Nf6 14. Qa4 Bxc3 15. bxc3 Nxd5 16. Qxa7 Qa6 17. Qd4 Nxe3 18. Qxe3 Rhe8 19. Qh3+ Qe6 20. Qxh7 g6 21. Qh4 Rd5 22. Qa4 Kb8 23. h3 Rg5 24. Rfe1 Qxe1+ 25. Rxe1 Rxe1+ 26. Kh2 Rf5 27. Qb4 b6 28. f3 Re2 29. h4 Rxa2 30. Kh3 Rc2 31. Qb3 Rc1 32. Qb2 Rh1+ 33. Kg3 Rd1 34. c4 Rd6 35. Qh8+ Kb7 36. Qc3 Rc6 37. Qd3 Rfc5 38. Qd7 f5 39. h5 gxh5 40. Kh4 f4 41. Qf7 Rxc4 42. Qxh5 R6c5 43. Qf7 b5 44. Kg4 b4 45. Qg6 b3 46. Qb1 Rb4 47. g3 b2 48. gxf4 Rc1 49. Qe4+ Rxe4 0-1

[Event "Titled Tuesday intern op 15th Nov Early"]
[Site "Chess.com INT"]
[Date "2022.11.15"]
[Round "7"]
[White "Kopylov, Alexander A"]
[Black "Demin, Vladimir"]
[Result "1-0"]
[WhiteElo "2397"]
[BlackElo "2430"]
[PlyCount "79"]
[EventDate "2022.11.15"]
[EventType "swiss (blitz)"]
[EventRounds "11"]
[EventCountry "USA"]
[SourceTitle "CBM 211 Extra"]
[Source "ChessBase"]
[SourceDate "2023.01.31"]
[SourceVersion "1"]
[SourceVersionDate "2023.01.31"]
[SourceQuality "1"]

1. e4 Nf6 2. e5 Nd5 3. Nf3 d6 4. d4 g6 5. exd6 cxd6 6. c4 Nb6 7. Nc3 Bg7 8. Be3 0-0 9. Rc1 Nc6 10. Be2 Bf5 11. 0-0 d5 12. b3 e6 13. c5 Nc8 14. h3 N8e7 15. a3 Be4 16. Nxe4 dxe4 17. Ng5 Nxd4 18. Nxe4 Nxe2+ 19. Qxe2 Nd5 20. Bg5 Qa5 21. a4 h6 22. Bd2 Qc7 23. b4 a6 24. b5 axb5 25. axb5 Ra2 26. Qc4 Rfa8 27. Rfe1 R8a4 28. Qb3 R2a3 29. Qb1 Bd4 30. c6 b6 31. Bxh6 Rb4 32. Qc2 Rxb5 33. Qc4 Rb4 34. Qe2 Rb2 35. Rc2 Raa2 36. Rec1 Qxc6 37. Rxb2 Rxb2 38. Qd3 Qb5 39. Qxd4 Rb1 40. Qg7# 1-0

[Event "Titled Tuesday intern op 15th Nov Early"]
[Site "Chess.com INT"]
[Date "2022.11.15"]
[Round "5"]
[White "Kopylov, Alexander A"]
[Black "Fieberg, Samuel"]
[Result "1-0"]
[WhiteElo "2397"]
[BlackElo "2157"]
[PlyCount "139"]
[EventDate "2022.11.15"]
[EventType "swiss (blitz)"]
[EventRounds "11"]
[EventCountry "USA"]
[SourceTitle "CBM 211 Extra"]
[Source "ChessBase"]
[SourceDate "2023.01.31"]
[SourceVersion "1"]
[SourceVersionDate "2023.01.31"]
[SourceQuality "1"]

1. e4 e6 2. Nf3 d5 3. exd5 exd5 4. d4 Nc6 5. Bd3 Bd6 6. 0-0 Nge7 7. c3 Bf5 8. Re1 0-0 9. b4 a6 10. Qc2 Qd7 11. Nbd2 Bxd3 12. Qxd3 Qf5 13. Qxf5 Nxf5 14. Nb3 b6 15. a4 a5 16. b5 Nd8 17. g4 Ne7 18. Ne5 f6 19. Nd3 Nf7 20. Bf4 Rfe8 21. Nd2 Ng6 22. Bg3 Bxg3 23. hxg3 Nd6 24. Kg2 Kf7 25. f4 Rxe1 26. Rxe1 Re8 27. Rxe8 Kxe8 28. f5 Ne7 29. Nf4 Kd7 30. Nh5 Ne8 31. Kf3 g6 32. Nf4 Nd6 33. fxg6 hxg6 34. Nh3 g5 35. Ke3 c6 36. bxc6+ Kxc6 37. Kd3 b5 38. axb5+ Kxb5 39. Nf2 a4 40. Kc2 Nc6 41. Nd3 Ne4 42. Nf1 Na5 43. Ne3 a3 44. Nc1 Kc6 45. Na2 Nc4 46. Nb4+ Kd6 47. Nbxd5 a2 48. Nxc4+ Kxd5 49. Ne3+ Kd6 50. Kb2 Nxc3 51. Nc2 Ne2 52. Kxa2 Nxg3 53. Kb3 Kd5 54. Kc3 Ne2+ 55. Kd3 Nf4+ 56. Ke3 Ng2+ 57. Kd3 Nf4+ 58. Ke3 Ne6 59. Kd3 Nf8 60. Ne3+ Ke6 61. Ke4 Ng6 62. d5+ Kd7 63. Kf5 Nh4+ 64. Kxf6 Nf3 65. Nf5 Nh2 66. Kxg5 Nf3+ 67. Kf4 Nh2 68. g5 Ke8 69. d6 Kd7 70. g6 1-0

[Event "Titled Tuesday intern op 15th Nov Late"]
[Site "Chess.com INT"]
[Date "2022.11.15"]
[Round "4"]
[White "Kopylov, Alexander A"]
[Black "Gorodetzky, David"]
[Result "0-1"]
[WhiteElo "2397"]
[BlackElo "2495"]
[PlyCount "110"]
[EventDate "2022.11.15"]
[EventType "swiss (blitz)"]
[EventRounds "11"]
[EventCountry "USA"]
[SourceTitle "CBM 211 Extra"]
[Source "ChessBase"]
[SourceDate "2023.01.31"]
[SourceVersion "1"]
[SourceVersionDate "2023.01.31"]
[SourceQuality "1"]

1. e4 e5 2. Nf3 Nc6 3. Bc4 Bc5 4. d3 Nf6 5. Be3 Bxe3 6. fxe3 0-0 7. 0-0 Na5 8. Bb3 Nxb3 9. axb3 d6 10. Nbd2 Be6 11. Ng5 Bd7 12. Qe1 h6 13. Ngf3 Nh7 14. Nh4 g6 15. Qg3 Qg5 16. Qxg5 hxg5 17. Nhf3 Kg7 18. Ra5 b6 19. Raa1 a5 20. Nc4 f5 21. Nfd2 f4 22. c3 Nf6 23. Rae1 b5 24. Na3 Ng4 25. Nc2 Rh8 26. h3 Nh6 27. d4 Nf7 28. Ra1 g4 29. hxg4 g5 30. c4 b4 31. c5 Bxg4 32. cxd6 cxd6 33. Rfe1 Rhc8 34. Nc4 a4 35. Nxb4 axb3 36. Rxa8 Rxa8 37. Rc1 Ra4 38. Nd5 exd4 39. exd4 Be2 40. Ndb6 Rb4 41. Kf2 Bd3 42. Kf3 Nh6 43. e5 dxe5 44. Nxe5 Rxb6 45. Nxd3 Rd6 46. Ke4 Ng4 47. Rc5 Nf6+ 48. Kf3 Rxd4 49. Nc1 g4+ 50. Ke2 Ne4 51. Rc7+ Kf6 52. Nxb3 Rb4 53. Rc6+ Ke5 54. Nc1 Rxb2+ 55. Kd3 Rd2+ 0-1

[Event "Titled Tuesday intern op 15th Nov Early"]
[Site "Chess.com INT"]
[Date "2022.11.15"]
[Round "9"]
[White "Kopylov, Alexander A"]
[Black "Taboas Rodriguez, Daniel"]
[Result "0-1"]
[WhiteElo "2397"]
[BlackElo "2359"]
[PlyCount "100"]
[EventDate "2022.11.15"]
[EventType "swiss (blitz)"]
[EventRounds "11"]
[EventCountry "USA"]
[SourceTitle "CBM 211 Extra"]
[Source "ChessBase"]
[SourceDate "2023.01.31"]
[SourceVersion "1"]
[SourceVersionDate "2023.01.31"]
[SourceQuality "1"]

1. e4 e5 2. Nf3 Nc6 3. Bc4 Nf6 4. d3 Bc5 5. Be3 Bxe3 6. fxe3 d5 7. exd5 Nxd5 8. Qe2 0-0 9. Nbd2 Nb6 10. Bb3 Qe7 11. 0-0 Na5 12. Qe1 Nxb3 13. axb3 Bg4 14. Qg3 Bxf3 15. Nxf3 e4 16. Nd4 exd3 17. Nf5 Qf6 18. cxd3 Nd5 19. Ra5 c6 20. e4 Ne7 21. Qd6 Qxd6 22. Nxd6 b6 23. Ra6 c5 24. b4 cxb4 25. d4 f5 26. e5 Nc6 27. Nxf5 g6 28. Nd6 Nxd4 29. Rd1 Nc6 30. Re1 Rad8 31. h3 Nxe5 32. Rxe5 Rxd6 33. Rxa7 Rf7 34. Ra8+ Kg7 35. Rb5 Rf4 36. Ra7+ Kh6 37. Kh2 Rd2 38. Rxb6 Rff2 39. Rbb7 Rxg2+ 40. Kh1 Rh2+ 41. Kg1 Rdg2+ 42. Kf1 Rxb2 43. Rxh7+ Kg5 44. Ra5+ Kf4 45. Kg1 Ke4 46. Re7+ Kd4 47. Ra1 Rbg2+ 48. Kf1 Rd2 49. Rd7+ Kc3 50. Rc7+ Kb2 0-1

[Event "Titled Tuesday intern op 15th Nov Late"]
[Site "Chess.com INT"]
[Date "2022.11.15"]
[Round "3"]
[White "Krishnan, Varun"]
[Black "Kopylov, Alexander A"]
[Result "0-1"]
[WhiteElo "2373"]
[BlackElo "2397"]
[PlyCount "92"]
[EventDate "2022.11.15"]
[EventType "swiss (blitz)"]
[EventRounds "11"]
[EventCountry "USA"]
[SourceTitle "CBM 211 Extra"]
[Source "ChessBase"]
[SourceDate "2023.01.31"]
[SourceVersion "1"]
[SourceVersionDate "2023.01.31"]
[SourceQuality "1"]

1. e4 e5 2. Nf3 Nc6 3. d4 exd4 4. c3 d5 5. exd5 Qxd5 6. cxd4 Nf6 7. Nc3 Bb4 8. Bd3 0-0 9. 0-0 Qh5 10. d5 Ne7 11. Qb3 Bxc3 12. Qxc3 Nexd5 13. Qd4 b6 14. b3 c5 15. Qe5 Qxe5 16. Nxe5 Nb4 17. Bc4 Nc2 18. Rb1 Bf5 19. Bg5 Nd4 20. Rbe1 h6 21. Bh4 g5 22. Bg3 Ne4 23. f4 Nd2 24. Rf2 Nxc4 25. Nxc4 g4 26. Nd6 Rad8 27. Ne4 Kg7 28. Bh4 Rde8 29. Bf6+ Kg6 30. Be5 f6 31. Bxd4 cxd4 32. Rfe2 d3 33. Re3 Rxe4 34. Rxe4 d2 35. Rd1 Bxe4 36. Rxd2 Rc8 37. Rd4 Kf5 38. Kf2 Rc2+ 39. Ke3 Bxg2 40. Rb4 Bc6 41. Rd4 Rxh2 42. Rd6 Rc2 43. Rd8 g3 44. Rg8 g2 45. Kd3 Be4+ 46. Kd4 Rc1 0-1